Statistiques concernant Les 10 pays les plus boisés

Cliquez ici pour prendre le quiz!

Statistiques générales

  • Ce quiz a été pris 235 fois
  • Le résultat moyen est 8 sur 10

Statistiques - réponses

Surface forestière (en hectares)Pays% Correct
310000000Canada
99%
809000000Russie
99%
478000000Brésil
98%
303000000Etats-Unis
96%
197000000Chine
93%
68000000Inde
84%
164000000Australie
73%
134000000République Démocratique du Congo
67%
88000000Indonésie
65%
69000000Pérou
52%

Distribution des résultats

Percentile par nombre de réponses

% des personnes avec chaque résultat

Votre développement - résultats

Vous n’avez pas pris ce quiz